Особенности фондовых рынков экономически развитых стран Учебное пособие
Учебное пособие посвящено изучению особенностей фондовых рынков зарубежных стран. Ввиду ограниченности объема в нем рассматриваются фондовые рынки лишь экономически развитых стран а также один из примеров наднационального фондового рынка. Соответствует требованиям федеральных государственных образов...
Guardado en:
| Autor principal: | |
|---|---|
| Formato: | Учебное пособие |
| Edición: | 1 |
| Colección: | Высшее образование |
| Acceso en línea: | https://znanium.ru/catalog/document?id=449196 https://znanium.ru/cover/1242/1242225.jpg |
| Etiquetas: |
Agregar Etiqueta
Sin Etiquetas, Sea el primero en etiquetar este registro!
|
| LEADER | 03086nam0a2200337 i 4500 | ||
|---|---|---|---|
| 001 | RU\infra-m\znanium\bibl\1242225 | ||
| 003 | https://znanium.ru/catalog/document?id=449196 | ||
| 005 | 20250116000000.0 | ||
| 010 | |a 978-5-16-016822-7 | ||
| 010 | |a 978-5-16-109389-4 |b электр. издание | ||
| 100 | |a 20250116d2024 m y0rusy0150 ca | ||
| 101 | 0 | |a rus | |
| 102 | |a RU | ||
| 200 | 1 | |a Особенности фондовых рынков экономически развитых стран |e Учебное пособие |f Уральский государственный экономический университет | |
| 205 | |a 1 | ||
| 210 | 1 | |a Москва |c ООО "Научно-издательский центр ИНФРА-М" |d 2025 | |
| 215 | |a 167 с. | ||
| 225 | 1 | |a Высшее образование | |
| 330 | |a Учебное пособие посвящено изучению особенностей фондовых рынков зарубежных стран. Ввиду ограниченности объема в нем рассматриваются фондовые рынки лишь экономически развитых стран а также один из примеров наднационального фондового рынка. Соответствует требованиям федеральных государственных образовательных стандартов высшего образования последнего поколения. Для студентов всех форм обучения направления подготовки 38.03.01 «Экономика» (профили «Финансы и кредит» «Банковское дело» «Финансовые рынки и биржевые технологии»). Может быть полезно практикам чья деятельность в той или иной степени требует знания основных особенностей функционирования фондовых рынков различных стран. | ||
| 333 | |a Профессиональное образование | ||
| 606 | |a Экономика. Бухгалтерский учет. Финансы |x Экономика отдельных зарубежных стран |2 local | ||
| 608 | |a Учебное пособие |2 local | ||
| 675 | |a 336.761(075.8) |z rus | ||
| 686 | |a 65.264я73 |2 rubbk | ||
| 686 | |a 38.03.01 |2 okso | ||
| 686 | |a 38.04.01 |2 okso | ||
| 686 | |a 38.05.01 |2 okso | ||
| 700 | 1 | |a Пищулов |b В.М. |g Виктор Михайлович |p Уральский государственный экономический университет | |
| 801 | 0 | |a RU |b Общество с ограниченной ответственностью «ЗНАНИУМ» |c 20210126 |2 rusmarc | |
| 856 | 4 | |a znanium.ru |m ebs_support@infra-m.ru |n НИЦ ИНФРА-М |u https://znanium.ru/catalog/document?id=449196 | |
| 856 | 4 | 1 | |a znanium.ru |d /cover/1242 |f 1242225.jpg |q image/jpeg |u https://znanium.ru/cover/1242/1242225.jpg |